| Tag |
First Indicator |
Second Indicator |
Subfields |
| LEADER |
00000cam a22000005a 4500 |
| 001 |
in00000074558 |
| 005 |
20151008053601.0 |
| 008 |
790821s1979 ksua 00010 engmd |
| 020 |
|
|
|c $9.95 (pbk. :)
|
| 035 |
|
|
|a (OCoLC)05293602
|
| 035 |
|
|
|9 AAH7918AM
|
| 040 |
|
|
|a KKC
|c KKC
|d TXA
|d UtOrBLW
|
| 049 |
|
|
|a TXAM
|c [1386953]
|
| 090 |
|
|
|a TH4819.E27
|b R5
|
| 092 |
|
|
|a 690.81
|b Ric
|
| 100 |
1 |
|
|a Rickman, Gary A.
|
| 245 |
1 |
0 |
|a Go underground and save /
|c by Gary A. Rickman and Leonard E. Bennett.
|
| 250 |
|
|
|a 1st ed.
|
| 264 |
|
1 |
|a [Place of publication not identified] :
|b [publisher not identified],
|c [1979]
|
| 264 |
|
4 |
|c ©1979
|
| 300 |
|
|
|a 84 pages :
|b illustrations ;
|c 22 cm.
|
| 336 |
|
|
|a text
|b txt
|2 rdacontent
|
| 337 |
|
|
|a unmediated
|b n
|2 rdamedia
|
| 338 |
|
|
|a volume
|b nc
|2 rdacarrier
|
| 500 |
|
|
|a "How I built an underground home for less than $15.00 per square foot."
|
| 650 |
|
0 |
|a House construction.
|
| 650 |
|
0 |
|a Underground construction.
|
| 650 |
|
0 |
|a Earth sheltered houses.
|
| 700 |
1 |
|
|a Bennett, Leonard E.
|
| 999 |
|
|
|a MARS
|
| 999 |
f |
f |
|s 00f22911-7328-37bd-8b97-d5ba3aadbbf6
|i d6f7f1e2-8af3-3323-a78e-2e0097482ded
|t 0
|
| 952 |
f |
f |
|p ric
|a Texas A&M University
|b Rellis Campus
|c Joint Library Facility
|d Remote Storage
|t 0
|e TH4819.E27 R5
|h Library of Congress classification
|i unmediated -- volume
|m A14806247657
|
| 998 |
f |
f |
|a TH4819.E27 R5
|t 0
|l Remote Storage
|